000
00317nam a22001457a 4500
008
210301b ||||| |||| 00| 0 eng d
020
_a
9780838598191
041
_a
eng
080
_a
61
082
_a
61
100
_a
3
101
_a
SHM
245
_a
Womens Health Case Studies
_c
Donohue, R. K
942
_2
udc
_c
BK
999
_c
55316
_d
55316